000 00330nam a2200133Ia 4500
008 240624s9999 xx 000 0 und d
041 _aeng
082 _a658.82 FOG
100 _aFOG KLAUS
245 _aSTORYTELLING BRANDING IN PRACTICE
260 _c2005
_aNew York
_bSpringer
300 _a238 : p. : cm. ; 24
365 _cERU
_b28
999 _c7398
_d7398